Missing Word: Bands Missing Numbers Quiz Stats

 Plays Quiz Updated Jun 7, 2018

Challenge
Share
Tweet
Embed
Score 0/30 Timer 04:00
0 Plays Today
Name Number % Correct
The Jackson _____5
99.5%
_____ Cent50
94.7%
___ Doors Down3
94.6%
_____ Inch NailsNine
93.6%
Maroon _____5
90.9%
The ____ SeasonsFour
90.8%
The ____ TopsFour
85.6%
Matchbox _____Twenty
80%
Blink- ___182
79.4%
U_____2
79.2%
_____ Dog NightThree
76.4%
UB_____40
72.9%
_____ Non Blondes4
72.3%
The Dave Clark _____Five
72%
_____ Live Crew2
66.4%
Name Number % Correct
Ben Folds ___Five
65.8%
_____ For FightingFive
64.8%
Sum _____41
58.8%
_____ Degrees98
52.5%
_____ Maniacs10,000
51.8%
_____ Man Electrical BandFive
51.3%
Andre _____3000
47.6%
The _____ DegreesThree
43.7%
MC_____5
41.9%
Level _____42
29.5%
Eiffel _____65
28.8%
Haircut _____One Hundred
28.3%
The _____ StairstepsFive
27.6%
Heaven _____17
21.8%
_____ Fruitgum Company1910
14.5%

Today's Daily Dose

Missing Word
Biopics

Word Ladder
Food Idioms

Quick Pick
Diets

On This Day
December 18th II

You're not logged in!

Compare scores with friends on all Sporcle quizzes.
OR
Log In

You Might Also Like...

Show Comments

Extras

Top Quizzes Today


Score Distribution

Your Account Isn't Verified!

In order to create a playlist on Sporcle, you need to verify the email address you used during registration. Go to your Sporcle Settings to finish the process.

Report this User

Report this user for behavior that violates our Community Guidelines.

Details: